Zamestnanci a priemerné mesačné mzdy 2003
Guardado en:
| Formato: | Libro |
|---|---|
| Lenguaje: | eslovaco |
| Publicado: |
Bratislava
Štatistický úrad Slovenskej republiky
2004
|
| Colección: | Demografia a sociálna štatistika
|
| Materias: | |
| Etiquetas: |
Sin Etiquetas, Sea el primero en etiquetar este registro!
|
MARC
| LEADER | 00000nam a2200000 4500 | ||
|---|---|---|---|
| 001 | 0008238 | ||
| 005 | 20240517081306.0 | ||
| 041 | 0 | |a slo | |
| 044 | |a SK | ||
| 245 | 1 | 0 | |a Zamestnanci a priemerné mesačné mzdy 2003 |
| 264 | 1 | |a Bratislava |b Štatistický úrad Slovenskej republiky |c 2004 | |
| 300 | |a 73 s. | ||
| 490 | 1 | |a Demografia a sociálna štatistika | |
| 830 | 0 | |a Demografia a sociálna štatistika | |
| 610 | 2 | 0 | |a Slovensko |
| 610 | 2 | 0 | |a zamestnanci |
| 610 | 2 | 0 | |a mzdy mesačné |
| 610 | 2 | 0 | |a mzdy priemerné |
| 610 | 2 | 0 | |a miesta pracovné |